000 00318nam a2200145Ia 4500
100 _aJagtap/ Subhash
942 _cBK
654 _aAdvanced costing
245 _aPractice in Advanced Costing
260 _bNirali prakashan
_c1992
082 _a658.152
_bJAG
300 _a738
546 _aENGLISH
999 _c26111
_d26111